000 00381nam a2200169Ia 4500
100 _aShah/M.A/ Ahmad/Tokeer
650 _aNanoscience
942 _cBK
366 _f20
654 _ananoscience
245 _aPrinciples of Nanoscience and nanotechnology
260 _bNarosa
_c2010
082 _a658.577
_bSHA
300 _a199
546 _aENGLISH
_cComputers
999 _c28009
_d28009